000 00797nam a2200217 i 4500
001 182363
003 ES-MaACL
005 20230906221605.0
008 130806s1986 ck |||| | spa d
080 _a342.53(83)(091)
100 1 _aHeise González, Julio.
_9153181
245 1 0 _aEvolución histórica del pensamiento parlamentario en Chile /
_cJulio Heise González.
260 _aSantiago de Chile :
_bAcademia Chilena de Ciencias Sociales,
_c1986.
300 _a47 p. ;
_c23 cm.
490 1 _aMemorias de la Academia Chilena de Ciencias Sociales ;
_v1
504 _aBibliografía.
650 4 _aParlamentarismo-
_zChile-
_vHistoria.
_9153182
830 0 _aMemorias de la Academia Chilena de Ciencias Sociales ;
_v1
_9183269
852 _aES-MaACL
_j2319-F-26
999 _c182363
_d182363